अदृश्य जाल/ (Record no. 201830)
[ view plain ]
| 000 -LEADER | |
|---|---|
| fixed length control field | 00810nam a22002057a 4500 |
| 005 - DATE AND TIME OF LATEST TRANSACTION | |
| control field | 20240328115802.0 |
| 010 ## - LCCN (DPL NO) | |
| LC control number | HIN-127226 |
| 020 ## - INTERNATIONAL STANDARD BOOK NUMBER | |
| International Standard Book Number | 9788195124145 |
| Terms of availability | 175.00 |
| 035 ## - SYSTEM CONTROL NUMBER | |
| System control number | HN-99572 |
| 037 ## - SOURCE OF ACQUISITION | |
| Source of stock number/acquisition | DBAD/PUB. |
| 082 ## - DEWEY DECIMAL CLASSIFICATION NUMBER | |
| Classification number | क |
| 100 ## - MAIN ENTRY--PERSONAL NAME | |
| Personal name | त्रिवेणी सिंह |
| 245 ## - TITLE STATEMENT | |
| Title | अदृश्य जाल/ |
| Statement of responsibility, etc | त्रिवेणी सिंह और अमित दुबे |
| 250 ## - EDITION STATEMENT | |
| Edition statement | 1 |
| 260 ## - PUBLICATION, DISTRIBUTION, ETC. (IMPRINT) | |
| Place of publication, distribution, etc | दिल्ली |
| Name of publisher, distributor, etc | अनबाउंड स्क्रिप्ट |
| Date of publication, distribution, etc | 2021 |
| 270 ## - ADDRESS | |
| Address | एच-604 प्लाट न 49 इंद्रप्रस्थ एक्सटेंशन |
| City | दिल्ली |
| Postal code | 110092 |
| 300 ## - PHYSICAL DESCRIPTION | |
| Extent | 96पृ; |
| Dimensions | 20 सेमी (अजिल्द) |
| 700 ## - ADDED ENTRY--PERSONAL NAME | |
| 9 (RLIN) | 63915 |
| 942 ## - ADDED ENTRY ELEMENTS (KOHA) | |
| Institution code [OBSOLETE] | dpl |
| Item type | Hindi Books |
| Source of classification or shelving scheme | Dewey Decimal Classification |
| Classification part | क |
| Call number suffix | त्रिवेणी |
| Withdrawn status | Lost status | Not for loan | Collection code | Home library | Current library | Date acquired | Source of acquisition | Cost, normal purchase price | Full call number | Barcode | Copy number | Cost, replacement price | Koha item type |
|---|---|---|---|---|---|---|---|---|---|---|---|---|---|
| Fiction | Bawana | Bawana | 28/03/2024 | DBAD/PUB | 175.00 | क त्रिवेणी | HN-99572 | 1 | 175.00 | Hindi Books |
